000
00195 a2200097 4500
020
_a
9788488342676
041
_a
spa
100
_a
McBratney, Sam
245
_a
Todos son mis favoritos
942
_c
BK
999
_c
10665
_d
10665